banner-ar

المرئى واللامرئى: متبوعا بملاحظات / (Record no. 51058)

MARC details
000 -الفاتح
حقل البيانات ثابتة الطول 00651nam a2200217Ia 4500
008 - عناصر البيانات ثابتة الطول - معلومات عامة
حقل البيانات ثابتة الطول 140319s9999 xx 000 0 ara d
040 ## - مصدر الفهرسة
وكالة الفهرسة الأصلية GCL /
وكالة النسخ GCL
082 04 - رقم تصنيف ديوى العشرى
رقم التصنيف 111
رقم المادة ب م
100 1# - المدخل الرئيسى - إسم شخصى
الإسم الشخصى بونتى، موريس ميرلو
245 10 - بيان العنوان
العنوان المرئى واللامرئى: متبوعا بملاحظات /
بيان المسئوليه,etc بونتى، موريس ميرلو
700 1# - المدخل الاضافى - اسم شخصى
الإسم الشخصى لوفور، كلود
700 1# - المدخل الاضافى - اسم شخصى
الإسم الشخصى سعاد محمد خضر
300 ## - الوصف المادى
التعداد 281 ص
490 ## - بيان السلسلة
عنوان السلسلة سلسلة المائة كتاب
رقم المجلد/ التعيين التسلسلي 0
650 04 - المدخل الاضافى بالموضوع-مصطلح موضوعى
مصطلح موضوعي الفلسفة
650 04 - المدخل الاضافى بالموضوع-مصطلح موضوعى
مصطلح موضوعي وحدة الوجود
650 04 - المدخل الاضافى بالموضوع-مصطلح موضوعى
مصطلح موضوعي الوجود
650 04 - المدخل الاضافى بالموضوع-مصطلح موضوعى
مصطلح موضوعي الحدس
942 ## - عناصر المدخل الإضافي( كوها)
مصدر التصنيف او مخطط الترفيف Dewey Decimal Classification
Koha [default] item type كتاب
Holdings
حالة التراجع حالة الفقد حالة تلف ليس للاعارة المكان المؤقت الموقع الحالى تاريخ الاكتساب اجمالي اﻻعارات رقم الطلب الباركود تاريخ اخر مشاهدة تاريخ تفعيل السعر نوع وعاء كوها
        مكتبة القاهرة الكبرى مكتبة القاهرة الكبرى 03/26/2014   111\ب م 122354 03/26/2014 03/26/2014 كتاب

Powered By

EGPV